The growth of industrial economies /

Bibliographic Details
Main Author: Hoffmann, Walther G., 1903-
Format: Book
Language:English
German
Published: New York : Oceana Publications, [1958]
Subjects:

MARC

Tag First Indicator Second Indicator Subfields
LEADER 00000cam a2200000 i 4500
001 in00000059795
005 20151008050526.0
008 751121s1958 nyu b 00110 eng
010 |a  77081242  
035 |a (OCoLC)01959129 
035 |9 AAG1584AM 
040 |a DLC  |c DLC  |d TXA  |d UtOrBLW 
041 1 |a eng  |a ger 
049 |a TXAM  |c [305865] 
050 0 0 |a HD2321  |b .H713 1958b 
082 0 |a 330.9 
092 |a 330.9  |b H711g, 1958 
100 1 |a Hoffmann, Walther G.,  |d 1903- 
245 1 4 |a The growth of industrial economies /  |c Translated from the German by W. O. Henderson and W. H. Chaloner. 
264 1 |a New York :  |b Oceana Publications,  |c [1958] 
264 4 |c ©1958 
300 |a xiii, 183 pages ;  |c 23 cm. 
336 |a text  |b txt  |2 rdacontent 
337 |a unmediated  |b n  |2 rdamedia 
338 |a volume  |b nc  |2 rdacarrier 
500 |a Translation of a revised and expanded version of Stadien und Typen der Industrialisierung. 
504 |a Includes bibliographical references and index. 
650 0 |a Industrialization. 
999 |a MARS 
999 f f |s cc5f0eb6-435b-3d43-916d-c83d8a387072  |i 6c2f5f55-b478-3c9f-99d0-71d94227fd11  |t 0 
952 f f |p ric  |a Texas A&M University  |b Rellis Campus  |c Joint Library Facility  |d Remote Storage  |t 0  |e HD2321 .H713 1958b  |h Library of Congress classification  |i unmediated -- volume  |m A14800698143 
998 f f |a HD2321 .H713 1958b  |t 0  |l Remote Storage